[Event "BL2-Ost 2122"]
[Site "Germany"]
[Date "2022.03.06"]
[Round "2.3"]
[White "Grafl, Florian"]
[Black "Stojanovic, Dalibor"]
[Result "0-1"]
[WhiteElo "2343"]
[BlackElo "2479"]
[PlyCount "78"]
[EventDate "2022.03.05"]
[EventType "team-tourn"]
[EventRounds "10"]
[EventCountry "GER"]
[SourceTitle "EXT 2023"]
[Source "ChessBase"]
[SourceDate "2022.10.05"]
[SourceVersion "1"]
[SourceVersionDate "2022.10.05"]
[SourceQuality "1"]
[WhiteTeam "Bayern Muenchen II"]
[BlackTeam "Deggendorf"]
[WhiteTeamCountry "GER"]
[BlackTeamCountry "GER"]

1. b3 Nf6 2. Bb2 g6 3. Bxf6 exf6 4. c4 f5 5. Nc3 d6 6. g3 Nd7 7. Bg2 Nf6 8. e3 h5 9. Qc2 h4 10. d4 c6 11. Nge2 Bh6 12. b4 Bd7 13. a4 0-0 14. 0-0 Be6 15. Qd3 Rc8 16. a5 d5 17. cxd5 cxd5 18. Na4 Rc4 19. Qa3 Qd6 20. Nc5 b6 21. axb6 axb6 22. Nd3 hxg3 23. hxg3 Rfc8 24. Rfc1 Bf8 25. Nc3 Ne4 26. Na2 Bh6 27. Ne5 Rc2 28. Rxc2 Rxc2 29. Rc1 Qc7 30. Bxe4 fxe4 31. Nc3 Rxc1+ 32. Qxc1 Bg7 33. Qd2 Bf8 34. b5 Bd6 35. Kh2 f6 36. Nc6 Qh7+ 37. Kg1 Qh3 38. Ne2 Bg4 39. Qa2 Bf3 0-1

[Event "GER-ch Net blitz sf"]
[Site "Playchess.com INT"]
[Date "2021.06.05"]
[Round "11"]
[White "Brunke, Christian"]
[Black "Grafl, Florian"]
[Result "1-0"]
[WhiteElo "2369"]
[BlackElo "2332"]
[PlyCount "111"]
[EventDate "2021.06.05"]
[EventType "swiss (blitz)"]
[EventRounds "13"]
[EventCountry "GER"]
[SourceTitle "EXT 2023"]
[Source "ChessBase"]
[SourceDate "2022.10.05"]
[SourceVersion "1"]
[SourceVersionDate "2022.10.05"]
[SourceQuality "1"]

1. c4 g5 2. Nc3 Bg7 3. g3 d6 4. Bg2 f5 5. d4 h6 6. Nf3 Nf6 7. 0-0 0-0 8. Re1 Nc6 9. d5 Ne5 10. Nxe5 dxe5 11. e4 f4 12. b4 a5 13. Ba3 axb4 14. Bxb4 b6 15. a4 Ne8 16. d6 e6 17. dxc7 Qxc7 18. Bxf8 Bxf8 19. Nb5 Qf7 20. Qe2 Bc5 21. Red1 Bb7 22. Rd3 g4 23. Qxg4+ Kh7 24. Rad1 Nf6 25. Qf3 Rg8 26. Nd6 Bxd6 27. Rxd6 Kh8 28. Qe2 fxg3 29. hxg3 Qe7 30. Qe3 Ng4 31. Qxb6 Bc8 32. Rd8 Nf6 33. Rxg8+ Nxg8 34. Qd8 Qc5 35. Qd3 Ba6 36. Bf1 Bb7 37. Qe3 Qf8 38. Bg2 Qf6 39. Rd7 Bc6 40. Rc7 Bxa4 41. Qf3 Qg6 42. Qf7 Qxf7 43. Rxf7 Bb3 44. c5 Ba4 45. Bh3 h5 46. Bxe6 Nh6 47. Ra7 Bc6 48. Bf5 Nxf5 49. exf5 Kg8 50. Ra6 Be4 51. c6 Bxf5 52. c7 Kf7 53. Rc6 Bc8 54. Rd6 Ke7 55. Rd8 Bb7 56. c8Q 1-0

[Event "GER-ch Net blitz sf"]
[Site "Playchess.com INT"]
[Date "2021.06.05"]
[Round "10"]
[White "Grafl, Florian"]
[Black "Feuerstack, Aljoscha"]
[Result "0-1"]
[WhiteElo "2332"]
[BlackElo "2374"]
[PlyCount "86"]
[EventDate "2021.06.05"]
[EventType "swiss (blitz)"]
[EventRounds "13"]
[EventCountry "GER"]
[SourceTitle "EXT 2023"]
[Source "ChessBase"]
[SourceDate "2022.10.05"]
[SourceVersion "1"]
[SourceVersionDate "2022.10.05"]
[SourceQuality "1"]

1. Nc3 d5 2. e4 dxe4 3. Nxe4 Nf6 4. Qf3 Nxe4 5. Qxe4 Nd7 6. Nf3 Nf6 7. Qf4 Qd6 8. d4 Qxf4 9. Bxf4 Nd5 10. Bd2 Bf5 11. 0-0-0 e6 12. Ne5 Nb4 13. a3 Nd5 14. Bb5+ c6 15. Ba4 Bd6 16. f3 h6 17. g4 Bh7 18. h4 0-0 19. g5 h5 20. Rhg1 Bf5 21. c4 Ne7 22. Bc2 Bxc2 23. Kxc2 Nf5 24. Bf4 c5 25. dxc5 Bxe5 26. Bxe5 Ne3+ 27. Kc3 Nxd1+ 28. Rxd1 Rfd8 29. Bd6 Kh7 30. Kd4 Rac8 31. Rg1 Kg6 32. Ke5 a5 33. Rc1 a4 34. Rc2 Rc6 35. Rg2 b6 36. Be7 Rd3 37. cxb6 Rxb6 38. Bb4 Rxf3 39. c5 Rc6 40. Ke4 Rh3 41. Ke5 Rxh4 42. Rd2 f6+ 43. gxf6 gxf6# 0-1

[Event "GER-ch Net blitz sf"]
[Site "Playchess.com INT"]
[Date "2021.06.05"]
[Round "5"]
[White "Grafl, Florian"]
[Black "Wagner, Dennis"]
[Result "1-0"]
[WhiteElo "2332"]
[BlackElo "2506"]
[PlyCount "83"]
[EventDate "2021.06.05"]
[EventType "swiss (blitz)"]
[EventRounds "13"]
[EventCountry "GER"]
[SourceTitle "EXT 2023"]
[Source "ChessBase"]
[SourceDate "2022.10.05"]
[SourceVersion "1"]
[SourceVersionDate "2022.10.05"]
[SourceQuality "1"]

1. Nc3 Nf6 2. g4 Nxg4 3. e4 d6 4. Be2 Nf6 5. d4 e5 6. dxe5 dxe5 7. Qxd8+ Kxd8 8. Nf3 Bd6 9. Rg1 Bg4 10. Ng5 Bxe2 11. Nxf7+ Ke8 12. Nxh8 Bg4 13. h3 Bxh3 14. Rxg7 Nbd7 15. Nf7 Bf8 16. Rg3 Kxf7 17. Rxh3 Bb4 18. Bd2 Rg8 19. 0-0-0 c6 20. f3 h5 21. Ne2 Bxd2+ 22. Kxd2 Nc5 23. Ke3 Ne6 24. Rdh1 a5 25. Rxh5 Nxh5 26. Rxh5 Rg5 27. Rxg5 Nxg5 28. f4 exf4+ 29. Kxf4 Nh3+ 30. Ke5 Ke7 31. Kd4 b6 32. Ke5 Nf2 33. Nd4 Kd7 34. Kf5 c5 35. Ne2 Nd1 36. b3 Ke7 37. Ke5 Ne3 38. c4 Nc2 39. Nf4 Nb4 40. Nd5+ Kd7 41. Nxb4 axb4 42. Kd5 1-0

[Event "GER-ch Net blitz sf"]
[Site "Playchess.com INT"]
[Date "2021.06.05"]
[Round "8"]
[White "Schneider, Ilja"]
[Black "Grafl, Florian"]
[Result "0-1"]
[WhiteElo "2454"]
[BlackElo "2332"]
[PlyCount "32"]
[EventDate "2021.06.05"]
[EventType "swiss (blitz)"]
[EventRounds "13"]
[EventCountry "GER"]
[SourceTitle "EXT 2023"]
[Source "ChessBase"]
[SourceDate "2022.10.05"]
[SourceVersion "1"]
[SourceVersionDate "2022.10.05"]
[SourceQuality "1"]

1. e4 d5 2. exd5 Qxd5 3. Nf3 Bg4 4. Be2 Nc6 5. d4 0-0-0 6. c4 Qf5 7. Be3 Bxf3 8. Bxf3 Nxd4 9. Bxd4 Qe6+ 10. Be2 c5 11. 0-0 Rxd4 12. Qc2 Nf6 13. Nc3 Qb6 14. Nb5 Rd7 15. Rfd1 a6 16. Rd6 exd6 0-1

[Event "GER-ch Net blitz qual4"]
[Site "Playchess.com INT"]
[Date "2021.05.10"]
[Round "5"]
[White "Schmidt, Markus"]
[Black "Grafl, Florian"]
[Result "0-1"]
[WhiteElo "2046"]
[BlackElo "2300"]
[PlyCount "56"]
[EventDate "2021.05.10"]
[EventType "swiss (blitz)"]
[EventRounds "11"]
[EventCountry "GER"]
[SourceTitle "CBM 202 Extra"]
[Source "ChessBase"]
[SourceDate "2021.07.31"]
[SourceVersion "1"]
[SourceVersionDate "2021.07.31"]
[SourceQuality "1"]

1. c4 g5 2. d4 Bg7 3. Nc3 c5 4. d5 h6 5. e4 Bxc3+ 6. bxc3 d6 7. Bd3 Nf6 8. h4 g4 9. h5 Qa5 10. Bd2 Nbd7 11. f4 gxf3 12. Nxf3 Ng4 13. 0-0 Nde5 14. Nxe5 Nxe5 15. Be2 Bd7 16. Qc1 0-0-0 17. Bxh6 Rdg8 18. Bf4 Ng4 19. h6 f6 20. Rf3 Qd8 21. Rg3 Nxh6 22. Qe3 Ng4 23. Bxg4 Bxg4 24. Kf2 Qe8 25. Rg1 Qa4 26. e5 fxe5 27. Bg5 Rf8+ 28. Ke1 Qd1# 0-1

[Event "GER-ch Net blitz qual1"]
[Site "Playchess.com INT"]
[Date "2021.04.24"]
[Round "10"]
[White "Grafl, Florian"]
[Black "Diehl, Mirko"]
[Result "1-0"]
[WhiteElo "2320"]
[BlackElo "1847"]
[PlyCount "61"]
[EventDate "2021.04.24"]
[EventType "swiss (blitz)"]
[EventRounds "11"]
[EventCountry "GER"]
[SourceTitle "CBM 202 Extra"]
[Source "ChessBase"]
[SourceDate "2021.07.31"]
[SourceVersion "1"]
[SourceVersionDate "2021.07.31"]
[SourceQuality "1"]

1. Nc3 Nf6 2. g4 Nxg4 3. e4 d6 4. Be2 Nh6 5. d4 g6 6. Bg5 f6 7. Be3 Nf7 8. Qd2 Nd7 9. d5 Nde5 10. f4 Ng4 11. Bd4 e5 12. dxe6 Bxe6 13. h3 Ngh6 14. 0-0-0 Bg7 15. h4 Rg8 16. h5 f5 17. hxg6 hxg6 18. Bxg7 Rxg7 19. exf5 Nxf5 20. Nf3 Qd7 21. Nd5 0-0-0 22. Qa5 Kb8 23. Nb4 Ng3 24. Rhe1 Nxe2+ 25. Rxe2 Bg4 26. Re3 Nh6 27. Rb3 Bxf3 28. Rxf3 b6 29. Qd5 Rf8 30. Na6+ Kc8 31. Qa8# 1-0

[Event "GER-ch Net blitz qual1"]
[Site "Playchess.com INT"]
[Date "2021.04.24"]
[Round "9"]
[White "Kull, Florian"]
[Black "Grafl, Florian"]
[Result "1-0"]
[WhiteElo "1973"]
[BlackElo "2320"]
[PlyCount "105"]
[EventDate "2021.04.24"]
[EventType "swiss (blitz)"]
[EventRounds "11"]
[EventCountry "GER"]
[SourceTitle "CBM 202 Extra"]
[Source "ChessBase"]
[SourceDate "2021.07.31"]
[SourceVersion "1"]
[SourceVersionDate "2021.07.31"]
[SourceQuality "1"]

1. c4 b6 2. Nc3 Bb7 3. e4 e6 4. Nf3 Bb4 5. Qb3 a5 6. a3 Bxc3 7. Qxc3 Nf6 8. e5 Ne4 9. Qe3 0-0 10. d3 Nc5 11. d4 Ne4 12. Bd3 f5 13. 0-0 Qe8 14. Nd2 f4 15. Qh3 Ng5 16. Qh4 Qd8 17. Qh5 g6 18. Qh6 f3 19. Nxf3 Nxf3+ 20. gxf3 Rxf3 21. Bxg6 Qe7 22. Bg5 Qg7 23. Qxg7+ Kxg7 24. Bh5 Rf5 25. f4 Nc6 26. Bg4 Rf7 27. Rad1 h6 28. Bf6+ Kh7 29. Bh5 Rg8+ 30. Kf2 Rff8 31. Rg1 a4 32. Rg3 Na5 33. Rdg1 Rxg3 34. Rxg3 Rg8 35. Rxg8 Kxg8 36. c5 Nc4 37. cxb6 cxb6 38. Be8 Bc6 39. Bd8 b5 40. f5 Kf8 41. Bg6 exf5 42. Bxf5 Nxb2 43. d5 Bxd5 44. Bxd7 b4 45. e6 Bxe6 46. Bxe6 b3 47. Ba5 Nd3+ 48. Ke3 b2 49. Ba2 Ne5 50. Bc3 Nc4+ 51. Kd4 Nb6 52. Bxb2 Kg7 53. Kc5+ 1-0

[Event "Titled Tuesday intern op 30th Mar"]
[Site "Chess.com INT"]
[Date "2021.03.30"]
[Round "5"]
[White "Grafl, Florian"]
[Black "Farahat, Ali"]
[Result "1-0"]
[WhiteElo "2343"]
[BlackElo "2404"]
[PlyCount "105"]
[EventDate "2021.03.30"]
[EventType "swiss (blitz)"]
[EventRounds "11"]
[EventCountry "USA"]
[SourceTitle "CBM 201 Extra"]
[Source "ChessBase"]
[SourceDate "2021.05.31"]
[SourceVersion "1"]
[SourceVersionDate "2021.05.31"]
[SourceQuality "1"]

1. b3 d5 2. e3 Nf6 3. Bb2 Bf5 4. f4 e6 5. Nf3 Be7 6. Be2 h6 7. 0-0 0-0 8. Ne5 Bh7 9. Kh1 c5 10. d3 Nbd7 11. Nd2 Rc8 12. a4 Nxe5 13. fxe5 Nd7 14. Qe1 f5 15. exf6 Bxf6 16. Bxf6 Rxf6 17. Qg3 Qe7 18. Bg4 Rcf8 19. Kg1 Bg6 20. Rxf6 Rxf6 21. Qc7 Kh7 22. Nf3 Rf7 23. Rf1 Nf6 24. Qxe7 Rxe7 25. Bh3 e5 26. Nh4 e4 27. Nxg6 Kxg6 28. Kf2 exd3 29. cxd3 h5 30. Ke2 b6 31. Kd2 Ng4 32. Bxg4 hxg4 33. Rf4 Kg5 34. Ke2 g6 35. Kf2 d4 36. Re4 dxe3+ 37. Kxe3 Rh7 38. Kf2 Rxh2 39. Kg3 Rh1 40. Rxg4+ Kf5 41. Rf4+ Ke6 42. Re4+ Kd6 43. Rg4 Rd1 44. Rxg6+ Kc7 45. Kf4 Rxd3 46. Rg3 Rxg3 47. Kxg3 Kd6 48. Kf4 a6 49. Ke4 b5 50. g4 c4 51. bxc4 bxa4 52. Kd4 a3 53. Kc3 1-0

[Event "Titled Tuesday intern op 30th Mar"]
[Site "Chess.com INT"]
[Date "2021.03.30"]
[Round "2"]
[White "Grafl, Florian"]
[Black "Gavrilescu, David"]
[Result "0-1"]
[WhiteElo "2343"]
[BlackElo "2476"]
[PlyCount "76"]
[EventDate "2021.03.30"]
[EventType "swiss (blitz)"]
[EventRounds "11"]
[EventCountry "USA"]
[SourceTitle "CBM 201 Extra"]
[Source "ChessBase"]
[SourceDate "2021.05.31"]
[SourceVersion "1"]
[SourceVersionDate "2021.05.31"]
[SourceQuality "1"]

1. b3 d5 2. e3 e5 3. Bb2 Bd6 4. Nf3 Qe7 5. d4 e4 6. Nfd2 Nf6 7. c4 c6 8. Be2 0-0 9. Nc3 a6 10. c5 Bc7 11. b4 Nbd7 12. a4 b6 13. Qc2 bxc5 14. bxc5 Rb8 15. Nb3 Re8 16. 0-0-0 a5 17. Kb1 Rb7 18. Ka2 Nb8 19. Nb1 Ra7 20. Bc3 Na6 21. Nxa5 Bd7 22. Nb3 Rb8 23. Qd2 Qd8 24. Na3 Nb4+ 25. Bxb4 Rxa4 26. Bc3 Rba8 27. Bb2 Qb8 28. Ra1 Qa7 29. Kb1 Rb8 30. Bd1 Bg4 31. Bc2 Qa6 32. h3 Be2 33. Nc1 Rxa3 34. Nb3 Rxa1+ 35. Nxa1 Ba5 36. Qc1 Bc3 37. Nb3 Ra8 38. Bxe4 Nxe4 0-1

[Event "Titled Tuesday intern op 30th Mar"]
[Site "Chess.com INT"]
[Date "2021.03.30"]
[Round "8"]
[White "Grafl, Florian"]
[Black "Kalajzic, Ivan"]
[Result "0-1"]
[WhiteElo "2343"]
[BlackElo "2112"]
[PlyCount "48"]
[EventDate "2021.03.30"]
[EventType "swiss (blitz)"]
[EventRounds "11"]
[EventCountry "USA"]
[SourceTitle "CBM 201 Extra"]
[Source "ChessBase"]
[SourceDate "2021.05.31"]
[SourceVersion "1"]
[SourceVersionDate "2021.05.31"]
[SourceQuality "1"]

1. b3 e5 2. Bb2 Nc6 3. Nf3 d6 4. d4 g6 5. dxe5 Bg7 6. Na3 Nge7 7. Nc4 d5 8. Ne3 0-0 9. g3 Be6 10. Bg2 Qd7 11. 0-0 Rad8 12. Nd4 Nxe5 13. Nxe6 fxe6 14. Kh1 c5 15. Bh3 Nf5 16. Nxf5 exf5 17. f4 Nc6 18. Bxg7 Qxg7 19. Bg2 Qd4 20. Rf3 Qxd1+ 21. Rxd1 Nd4 22. Rxd4 cxd4 23. Rd3 Rfe8 24. Bxd5+ Rxd5 0-1

[Event "Titled Tuesday intern op 30th Mar"]
[Site "Chess.com INT"]
[Date "2021.03.30"]
[Round "4"]
[White "Grafl, Florian"]
[Black "Martinez Alcantara, Jose Eduardo"]
[Result "0-1"]
[WhiteElo "2343"]
[BlackElo "2620"]
[PlyCount "68"]
[EventDate "2021.03.30"]
[EventType "swiss (blitz)"]
[EventRounds "11"]
[EventCountry "USA"]
[SourceTitle "CBM 201 Extra"]
[Source "ChessBase"]
[SourceDate "2021.05.31"]
[SourceVersion "1"]
[SourceVersionDate "2021.05.31"]
[SourceQuality "1"]

1. b3 d5 2. Bb2 Bf5 3. g3 c6 4. Bg2 Nf6 5. Nf3 e6 6. 0-0 h6 7. d3 Be7 8. Nbd2 0-0 9. Ne5 Nbd7 10. e4 Bh7 11. Nxd7 Qxd7 12. e5 Ne8 13. f4 a5 14. a4 Nc7 15. g4 c5 16. Qf3 f6 17. Rae1 f5 18. Bh3 b5 19. axb5 Nxb5 20. Ra1 Nd4 21. Bxd4 cxd4 22. Rf2 a4 23. bxa4 Rxa4 24. Rxa4 Qxa4 25. Nf1 Bh4 26. Rg2 Qe8 27. gxf5 Bxf5 28. Bxf5 Rxf5 29. Qg4 Qe7 30. Nd2 h5 31. Qh3 Rxf4 32. Nf3 Kh7 33. Nxh4 Qxh4 34. Qxe6 Qe1# 0-1

[Event "Titled Tuesday intern op 30th Mar"]
[Site "Chess.com INT"]
[Date "2021.03.30"]
[Round "7"]
[White "Rustemov, Alexander"]
[Black "Grafl, Florian"]
[Result "1-0"]
[WhiteElo "2525"]
[BlackElo "2343"]
[PlyCount "63"]
[EventDate "2021.03.30"]
[EventType "swiss (blitz)"]
[EventRounds "11"]
[EventCountry "USA"]
[SourceTitle "CBM 201 Extra"]
[Source "ChessBase"]
[SourceDate "2021.05.31"]
[SourceVersion "1"]
[SourceVersionDate "2021.05.31"]
[SourceQuality "1"]

1. d4 b6 2. e4 Bb7 3. Bd3 Nf6 4. Qe2 Nc6 5. c3 e5 6. d5 Ne7 7. Nf3 Ng6 8. 0-0 Be7 9. c4 d6 10. Nc3 0-0 11. Be3 Bc8 12. h3 Nh5 13. Qc2 Nhf4 14. Rfe1 Nxd3 15. Qxd3 f5 16. exf5 Bxf5 17. Qe2 Qd7 18. Kh2 Rae8 19. Nd2 Nf4 20. Bxf4 exf4 21. Nde4 f3 22. Qxf3 Bxe4 23. Qxe4 Rxf2 24. Qe6+ Qxe6 25. Rxe6 Rxb2 26. Rae1 Rc2 27. Nb5 Rxc4 28. Rxe7 Rxe7 29. Rxe7 Kf8 30. Rxc7 Rb4 31. Nxd6 Rd4 32. Rc8+ 1-0

[Event "Titled Tuesday intern op 12th Jan"]
[Site "Chess.com INT"]
[Date "2021.01.12"]
[Round "6"]
[White "Grafl, Florian"]
[Black "Bordi, Kevin Claude"]
[Result "0-1"]
[WhiteElo "2343"]
[BlackElo "2288"]
[PlyCount "66"]
[EventDate "2021.01.12"]
[EventType "swiss (blitz)"]
[EventRounds "11"]
[EventCountry "USA"]
[SourceTitle "CBM 200 Extra"]
[Source "ChessBase"]
[SourceDate "2021.03.31"]
[SourceVersion "1"]
[SourceVersionDate "2021.03.31"]
[SourceQuality "1"]

1. Nc3 d5 2. e4 dxe4 3. Nxe4 Qd5 4. Ng3 h5 5. d4 Bg4 6. f3 Bd7 7. c4 Qe6+ 8. Be2 Nf6 9. h4 Qb6 10. c5 Qb4+ 11. Qd2 Nc6 12. Qxb4 Nxb4 13. Kd1 0-0-0 14. Bc4 e6 15. Bd2 Nc6 16. N1e2 Be8 17. d5 Nxd5 18. Bxd5 Rxd5 19. Ne4 Be7 20. Nf4 Rd8 21. Kc2 Nd4+ 22. Kc3 Nf5 23. Rad1 Bc6 24. b4 Nxh4 25. Be3 Nf5 26. Bf2 h4 27. Rxd8+ Bxd8 28. Kc4 g5 29. Nd3 Bd5+ 30. Kc3 f6 31. a4 e5 32. Kb2 Be7 33. Nc3 Bc4 0-1

[Event "Titled Tuesday intern op 12th Jan"]
[Site "Chess.com INT"]
[Date "2021.01.12"]
[Round "3"]
[White "Grafl, Florian"]
[Black "Okike, David"]
[Result "1-0"]
[WhiteElo "2343"]
[BlackElo "2177"]
[PlyCount "49"]
[EventDate "2021.01.12"]
[EventType "swiss (blitz)"]
[EventRounds "11"]
[EventCountry "USA"]
[SourceTitle "CBM 200 Extra"]
[Source "ChessBase"]
[SourceDate "2021.03.31"]
[SourceVersion "1"]
[SourceVersionDate "2021.03.31"]
[SourceQuality "1"]

1. Nc3 c5 2. g4 Nc6 3. Bg2 d6 4. e4 e5 5. d3 Be7 6. Be3 Be6 7. Nd5 Bh4 8. h3 Rc8 9. Nf3 Be7 10. Qd2 Nd4 11. c3 Nxf3+ 12. Bxf3 Nf6 13. Nxe7 Qxe7 14. Bg5 h6 15. Be3 d5 16. g5 hxg5 17. Bxg5 d4 18. c4 Rxh3 19. Rxh3 Bxh3 20. 0-0-0 Kd7 21. Rh1 Be6 22. Bd1 b6 23. f4 Qf8 24. f5 Nxe4 25. fxe6+ 1-0

[Event "Titled Tuesday intern op 12th Jan"]
[Site "Chess.com INT"]
[Date "2021.01.12"]
[Round "8"]
[White "Sonis, Francesco"]
[Black "Grafl, Florian"]
[Result "1-0"]
[WhiteElo "2483"]
[BlackElo "2343"]
[PlyCount "95"]
[EventDate "2021.01.12"]
[EventType "swiss (blitz)"]
[EventRounds "11"]
[EventCountry "USA"]
[SourceTitle "CBM 200 Extra"]
[Source "ChessBase"]
[SourceDate "2021.03.31"]
[SourceVersion "1"]
[SourceVersionDate "2021.03.31"]
[SourceQuality "1"]

1. e4 d5 2. exd5 Qxd5 3. Nf3 Bg4 4. Be2 Nc6 5. Nc3 Qd7 6. h3 Bh5 7. d4 e6 8. Ne5 Nxe5 9. dxe5 Qxd1+ 10. Bxd1 Bxd1 11. Kxd1 0-0-0+ 12. Ke2 Bb4 13. Ne4 Ne7 14. a3 Ba5 15. Bg5 Rde8 16. Bxe7 Rxe7 17. c4 c6 18. Nd6+ Kb8 19. Rad1 Bc7 20. f4 f6 21. exf6 gxf6 22. Kf3 e5 23. f5 Bxd6 24. Rxd6 Rf8 25. Rhd1 Kc7 26. Ke4 h5 27. b4 Rg7 28. R1d2 Rff7 29. c5 b6 30. cxb6+ axb6 31. Re6 Rg3 32. Rc2 Rd7 33. Rcxc6+ Kb7 34. Rxb6+ Ka7 35. Rbd6 Rc7 36. Ra6+ Kb7 37. Rxf6 Rcc3 38. Rae6 Rxg2 39. Rf7+ Rc7 40. Rxc7+ Kxc7 41. Rh6 Re2+ 42. Kd5 e4 43. Rxh5 e3 44. Ke4 Rf2 45. Kxe3 Rf1 46. a4 Kb6 47. Rh6+ Kc7 48. f6 1-0

[Event "EU-ch qual Online"]
[Site "Tornelo INT"]
[Date "2020.12.18"]
[Round "1"]
[White "Grafl, Florian"]
[Black "Iskandarov, Misratdin"]
[Result "0-1"]
[WhiteElo "2343"]
[BlackElo "2535"]
[PlyCount "98"]
[EventDate "2020.12.18"]
[EventType "swiss"]
[EventRounds "11"]
[EventCountry "POL"]
[SourceTitle "CBM 199 Extra"]
[Source "ChessBase"]
[SourceDate "2021.01.31"]
[SourceVersion "1"]
[SourceVersionDate "2021.01.31"]
[SourceQuality "1"]

1. e4 g6 2. d4 Bg7 3. Nc3 c5 4. dxc5 Bxc3+ 5. bxc3 Qa5 6. Nf3 Qxc3+ 7. Bd2 Qxc5 8. Bd3 Nf6 9. 0-0 d6 10. Rb1 0-0 11. Qe2 Qc7 12. e5 dxe5 13. Nxe5 Nc6 14. Nxc6 bxc6 15. Rfe1 Be6 16. a4 Rfd8 17. a5 c5 18. Ba6 Rab8 19. h3 c4 20. Bc3 Qc6 21. Rxb8 Rxb8 22. Qe5 Rd8 23. Bb5 Qd5 24. Qc7 Kf8 25. Bxc4 Qd6 26. Qxd6 Rxd6 27. Bxe6 fxe6 28. Rb1 Nd5 29. Bd4 a6 30. Rb8+ Kf7 31. c4 Nf4 32. Bb6 Rd1+ 33. Kh2 Rc1 34. Ra8 Rxc4 35. Rxa6 Nd5 36. Ra8 Ra4 37. Rb8 h5 38. Rh8 Ra2 39. g3 Nxb6 40. axb6 Rxf2+ 41. Kg1 Rb2 42. Rb8 e5 43. Kf1 e4 44. b7 e3 45. Ke1 Ke6 46. g4 hxg4 47. hxg4 Ke5 48. Kd1 Ke4 49. Ke1 g5 0-1

[Event "EU-ch qual Online"]
[Site "Tornelo INT"]
[Date "2020.12.18"]
[Round "8"]
[White "Grafl, Florian"]
[Black "Roshka, Yevgeniy"]
[Result "0-1"]
[WhiteElo "2343"]
[BlackElo "2476"]
[PlyCount "76"]
[EventDate "2020.12.18"]
[EventType "swiss"]
[EventRounds "11"]
[EventCountry "POL"]
[SourceTitle "CBM 199 Extra"]
[Source "ChessBase"]
[SourceDate "2021.01.31"]
[SourceVersion "1"]
[SourceVersionDate "2021.01.31"]
[SourceQuality "1"]

1. e4 g6 2. d4 Bg7 3. Nc3 d6 4. Be3 a6 5. Bd3 Nd7 6. Nf3 e6 7. Qd2 h6 8. 0-0-0 b5 9. Kb1 Bb7 10. Rhe1 Ne7 11. a3 Rc8 12. d5 e5 13. h4 f5 14. exf5 gxf5 15. g3 Nf6 16. Bf1 Nexd5 17. Nxd5 Bxd5 18. Ng5 hxg5 19. hxg5 Be6 20. gxf6 Qxf6 21. a4 bxa4 22. Bxa6 Rb8 23. Qc3 e4 24. Bd4 Qxd4 25. Rxd4 c5 26. Qa5 Bxd4 27. c3 Be5 28. Qc7 Rb3 29. Kc2 a3 30. bxa3 Rxc3+ 31. Kd2 Rb3 32. Rc1 Rh2 33. Rxc5 Rxf2+ 34. Ke1 Bxg3 35. Bb5+ Rxb5 36. Qc6+ Bd7 37. Qa8+ Ke7 38. Rxb5 Bxb5 0-1

[Event "Bundesliga 1920 final"]
[Site "Karlsruhe"]
[Date "2020.09.16"]
[Round "1.8"]
[White "Grafl, Florian"]
[Black "Beikert, Guenther"]
[Result "0-1"]
[WhiteElo "2353"]
[BlackElo "2395"]
[PlyCount "88"]
[EventDate "2020.09.16"]
[EventType "team-tourn"]
[EventRounds "7"]
[EventCountry "GER"]
[SourceTitle "CBM 198 Extra"]
[Source "ChessBase"]
[SourceDate "2020.11.30"]
[SourceVersion "1"]
[SourceVersionDate "2020.11.30"]
[SourceQuality "1"]
[WhiteTeam "Bayern Muenchen"]
[BlackTeam "Viernheim"]
[WhiteTeamCountry "GER"]
[BlackTeamCountry "GER"]

1. b3 c5 2. Bb2 Nc6 3. e3 e6 4. f4 Nf6 5. Nf3 a6 6. Ne5 Qc7 7. Qf3 Nb4 8. Na3 d6 9. Ng4 Nxg4 10. Qxg4 b6 11. Be2 Bb7 12. Bf3 0-0-0 13. 0-0 Rg8 14. f5 Bxf3 15. Rxf3 e5 16. Rh3 f6 17. c3 Nc6 18. Qc4 Rh8 19. Qxa6+ Qb7 20. Qxb7+ Kxb7 21. c4 d5 22. cxd5 Rxd5 23. Bc3 e4 24. g4 Bd6 25. Nc4 Bc7 26. a4 Nd8 27. g5 Rxf5 28. gxf6 gxf6 29. Rh6 Nf7 30. Rxf6 Rg8+ 31. Kh1 Rh5 32. Rf2 Nh6 33. Rg1 Ng4 34. Rfg2 Rg6 35. Re2 Bxh2 36. Rgg2 Bg3+ 37. Kg1 Rgh6 38. Kf1 Nh2+ 39. Rxh2 Rxh2 40. Rxh2 Rxh2 41. Kg1 h5 42. b4 h4 43. bxc5 bxc5 44. Na5+ Ka8 0-1

[Event "Titled Tuesday intern op 6th June"]
[Site "Chess.com INT"]
[Date "2020.06.02"]
[Round "5"]
[White "Efremova, Yulia"]
[Black "Grafl, Florian"]
[Result "1-0"]
[WhiteElo "2128"]
[BlackElo "2353"]
[PlyCount "50"]
[EventDate "2020.06.02"]
[EventType "swiss (blitz)"]
[EventRounds "10"]
[EventCountry "USA"]
[SourceTitle "CBM 196 Extra"]
[Source "ChessBase"]
[SourceDate "2020.07.31"]
[SourceVersion "1"]
[SourceVersionDate "2020.07.31"]
[SourceQuality "1"]

1. d4 Nc6 2. Bf4 e5 3. dxe5 g5 4. Bd2 Bg7 5. Nc3 Nxe5 6. Nf3 g4 7. Nxe5 Bxe5 8. e4 d6 9. Bc4 c6 10. Qe2 b5 11. Bb3 a5 12. a3 a4 13. Ba2 Bd7 14. 0-0-0 Qf6 15. h4 gxh3 16. gxh3 0-0-0 17. h4 h6 18. Qe3 Bd4 19. Qd3 Bc5 20. f4 Ne7 21. e5 dxe5 22. Ne4 Bf5 23. Qxd8+ Rxd8 24. Nxf6 Rd6 25. fxe5 Rd4 1-0